Statistics for Countries Containing Z

Click here to take the quiz!

General Stats

  • This quiz has been taken 861 times
    (697 since last reset)
  • The average score is 11 of 15

Answer Stats

country% Correct
Zimbabwe
95%
Zambia
94%
New Zealand
85%
Mozambique
77%
Azerbaijan
76%
Kazakhstan
75%
Uzbekistan
73%
Belize
72%
Kyrgyzstan
72%
Czechia
68%
Brazil
67%
Switzerland
67%
Venezuela
67%
Tanzania
64%
Bosnia and
Herzegovina
62%

Score Distribution

Percentile by Number Answered

Percent of People with Each Score

Your Score History

You have not taken this quiz since the last reset